Administration of elementary school programs for disadvantage children / (Record no. 939)
[ view plain ]
| 000 -CABECERA | |
|---|---|
| campo de control de longitud fija | 00887nam a2200229 a 4500 |
| 005 - FECHA Y HORA DE LA ÚLTIMA TRANSACCIÓN | |
| campo de control | 20240706063634.0 |
| 008 - ELEMENTOS DE LONGITUD FIJA--INFORMACIÓN GENERAL | |
| campo de control de longitud fija | 991125s1966 ea 000 0 eng u |
| 035 ## - NÚMERO DE CONTROL DEL SISTEMA | |
| Número de control de sistema | UPN01000000939 |
| 049 ## - COLECCIÓN | |
| Colección | F |
| 050 #4 - SIGNATURA TOPOGRÁFICA DE LA BIBLIOTECA DEL CONGRESO | |
| Número de clasificación | LC3969 |
| Número de documento/Ítem | M3.3 |
| 100 1# - ASIENTO PRINCIPAL--NOMBRE PERSONAL | |
| Nombre de persona | Mackintosh, Helen Katherine, |
| Fechas asociadas al nombre | 1897-1980 |
| 9 (RLIN) | 43082 |
| 245 10 - MENCIÓN DE TÍTULO | |
| Título | Administration of elementary school programs for disadvantage children / |
| Mención de responsabilidad, etc. | by Helen K. Mackintosh, Lillian Gore and Gertrude M. Lewis. |
| 260 ## - PUBLICACIÓN, DISTRIBUCIÓN, ETC. | |
| Lugar de publicación, distribución, etc. | Washington : |
| Nombre del editor, distribuidor, etc. | Department of Health Education and Welfare, Office of Education, |
| Fecha de publicación, distribución, etc. | 1966. |
| 300 ## - DESCRIPCIÓN FÍSICA | |
| Extensión | 42 p. |
| 440 #0 - MENCIÓN DE SERIE/ASIENTO SECUNDARIO--TÍTULO | |
| Título | Disadvantaged children series ; |
| Designación de volumen o secuencia | 4 |
| 500 ## - NOTA GENERAL | |
| Nota general | "OE-35082" |
| 650 #4 - ASIENTO SECUNDARIO DE MATERIA - TERMINO TEMATICO | |
| Término de materia o nombre geográfico como elemento de entrada | EDUCACION ESPECIAL - |
| Subdivisión de forma | PLANES Y PROGRAMAS |
| 9 (RLIN) | 9477 |
| 650 #4 - ASIENTO SECUNDARIO DE MATERIA - TERMINO TEMATICO | |
| Término de materia o nombre geográfico como elemento de entrada | Niños con discapacidad |
| Subdivisión general | Educación |
| 9 (RLIN) | 1549 |
| 700 1# - ASIENTO SECUNDARIO--NOMBRE DE PERSONAL | |
| Nombre de persona | Gore, Lilian Lucile, |
| Término indicativo de función/relación | coaut. |
| 9 (RLIN) | 43083 |
| 700 1# - ASIENTO SECUNDARIO--NOMBRE DE PERSONAL | |
| Nombre de persona | Lewis, Gertrude Minnie, |
| Fechas asociadas al nombre | 1896-1996 |
| Término indicativo de función/relación | coaut. |
| 9 (RLIN) | 43084 |
| 905 ## - TIPO DE MATERIAL | |
| Tipo de material | Libro |
| Estado de retiro | Estado de pérdida | Fuente del sistema de clasificación o colocación | Estado dañado | No para préstamo | Código de colección | Localización permanente | Ubicación/localización actual | Ubicación en estantería | Fecha de adquisición | Clasificación | Código de barras | Fecha visto por última vez | Número de copia | Tipo de ítem Koha | Enumeración/cronología de publicación seriada | Total de préstamos |
|---|---|---|---|---|---|---|---|---|---|---|---|---|---|---|---|---|
| Library of Congress Classification | Disponible (Préstamo en sala) | Folletería | Bib. Gregorio Torres Quintero | Bib. Gregorio Torres Quintero | Colecciones especiales Planta alta | 04/05/2023 | LC3969 M3.3 | 41378 | 31/12/2020 | 1 | Folleto | |||||
| Library of Congress Classification | En proceso | Colección General | Bib. Gregorio Torres Quintero | Bib. Gregorio Torres Quintero | Planta baja | LB1557 E6 M3.3 | 43517 | 31/12/2020 | 1 | Libro | correg. clas. | 1 |
